000 00903nam a2200229 i 4500
001 bg
100 1 _aPORADA, Zbigniew
245 1 0 _aOptoelektroniczne układy z cienkowarstwowymi elementami fotoprzewodzącymi i elektroluminescencyjnymi /
_cZbigniew Porada.
260 _aKraków :
_bPK,
_c1994.
300 _a120 s. :
_brys., wykr. ;
_c24 cm.
490 1 _aSeria Inżynieria Elektryczna / Politechnika Krakowaska im. T. Kościuszki. Monografia,
_x0860-097X ;
_v182
504 _aBibliogr. s. 109-115. - Summ., rés.
650 9 _aOptoelektronika
_xteoria
650 9 _aUkłady elektroniczne
650 9 _aModele matematyczne
_xstosowanie
_xelektronika
830 0 _aSeria Inżynieria Elektryczna (Politechnika Krakowaska im. T. Kościuszki).
_pMonografia ;
_v182
040 _cBPK
041 0 _apl
_benfr
080 _a621.38.001:519.2
942 _cKS
008 s pl f |000 0 pol
999 _c30447
_d30447
856 _uhttp://koha.tu.koszalin.pl/cgi-bin/koha/opac-detail.pl?biblionumber=30447
_yKatalog online BPK